Cuba and Porto Rico. With the other islands of the West Indies. Their topography, climate, flora, products, industries, cities, people, political conditions, etc. Revised and enlarged

Guardat en:
Dades bibliogràfiques
Autor principal: Hill, Robert T. (Autor)
Format: Llibre
Idioma:anglès
Publicat: Nueva York The Century Co. 1899
Edició:2a. ed
Matèries:
Etiquetes: Afegir etiqueta
Sense etiquetes, Sigues el primer a etiquetar aquest registre!

MARC

LEADER 00000nam a2200000 a 4500
001 UCJ5896
003 CL-VaPUC
008 070124e18990000US |||||||||||||||||eng|d
082 0 4 |a 910.4  |b HIL  |2 21 
100 0 |a Hill, Robert T.  |e author  |9 511812 
245 1 0 |a Cuba and Porto Rico. With the other islands of the West Indies. Their topography, climate, flora, products, industries, cities, people, political conditions, etc. Revised and enlarged 
250 |a 2a. ed 
300 |a xxi, 447 p 
942 |c BK 
945 |d 20070124 00:00:00  |a rinostro 
260 |a Nueva York  |b The Century Co.  |c 1899 
500 |a Front., mapa de los países del área Caribe; numerosas fotografías 
650 0 |a Geografía  |9 259346 
650 0 |a Población  |9 257577 
650 7 |a FLORA  |2 CL-VaPUC  |9 264745 
650 7 |a FAUNA  |2 CL-VaPUC  |9 349523 
650 0 |a Recursos naturales  |9 255232 
650 7 |a INDUSTRIA  |2 CL-VaPUC  |9 315110 
650 0 |a Comercio  |9 255341 
650 7 |a INSTITUCIONES  |2 CL-VaPUC  |9 329701 
650 0 |a Ilustraciones  |9 369481 
650 0 |a Cultura  |9 269059 
650 7 |a FOLKLORE  |2 CL-VaPUC  |9 268291 
650 7 |a CALLES Y PASEOS  |2 CL-VaPUC  |9 329702 
650 0 |a Mapas  |9 260844 
651 7 |a CUBA  |2 CL-VaPUC  |9 255263 
651 7 |a JAMAICA  |2 CL-VaPUC  |9 350605 
651 7 |a PUERTO RICO  |2 CL-VaPUC  |9 254988 
651 7 |a SANTO DOMINGO  |2 CL-VaPUC  |9 406842 
651 7 |a BAHAMAS  |2 CL-VaPUC  |9 359987 
651 7 |a ANTIGUA  |2 CL-VaPUC  |9 511813 
651 7 |a HAITI  |2 CL-VaPUC  |9 255724 
651 7 |a MARTINICA  |2 CL-VaPUC  |9 404254 
651 7 |a GRENADA  |2 CL-VaPUC  |9 511814 
651 7 |a TRINIDAD Y TOBAGO  |2 CL-VaPUC  |9 335622 
583 |a last modification  |c 20070124 00:00:00  |k Rodrigo Vera 
999 |c 322004  |d 322002 
952 |0 0  |1 0  |4 0  |6 910_400000000000000_HIL_1899  |7 0  |8 X  |9 400909  |a FDOBUD  |b FDOBUD  |d 2019-11-22  |i 1041215  |o 910.4 HIL 1899  |p 1041215  |r 2019-11-22  |w 2019-11-22  |y BK_X  |k BUD